000 00306nam a22001337a 4500
008 210309b ||||| |||| 00| 0 eng d
041 _aeng
080 _a159.9
082 _2159.9
100 _a48
101 _aPSI
245 _aMedical school Physiology
_cRichard Clark , Shane Cuhna
942 _2udc
_cBK
999 _c56107
_d56107